[Event "HUN-chT2 Szechenyi 0304"]
[Site "Hungary"]
[Date "2004.04.18"]
[Round "11"]
[White "Saly, Sandor"]
[Black "Vincze, Otto"]
[Result "1-0"]
[WhiteElo "2005"]
[BlackElo "2056"]
[PlyCount "71"]
[EventDate "2003.09.28"]
[EventType "team-tourn"]
[EventRounds "11"]
[EventCountry "HUN"]
[SourceTitle "EXT 2009"]
[Source "ChessBase"]
[SourceDate "2008.11.26"]
[SourceVersion "1"]
[SourceVersionDate "2008.11.26"]
[SourceQuality "1"]
[WhiteTeam "Szentgotthard"]
[BlackTeam "Ajka Banyasz"]
[WhiteTeamCountry "HUN"]
[BlackTeamCountry "HUN"]

1. f4 d5 2. g3 Nf6 3. Bg2 e6 4. Nf3 c5 5. b3 Nc6 6. Bb2 Be7 7. c3 0-0 8. 0-0 Qb6 9. Na3 Bd7 10. Nc2 Rac8 11. Nce1 c4+ 12. e3 Ne4 13. Nd4 Nxd4 14. exd4 f5 15. Nf3 a5 16. Qc2 Bb5 17. Rfe1 cxb3 18. axb3 Qa6 19. Ne5 Bf6 20. Re3 Bxe5 21. fxe5 f4 22. gxf4 Rxf4 23. d3 Rf2 24. Qc1 Rxg2+ 25. Kxg2 Bxd3 26. Qd1 Rf8 27. Qxd3 Qxd3 28. Rxd3 Rf2+ 29. Kg1 Rxb2 30. c4 dxc4 31. bxc4 b6 32. Re1 Nd2 33. d5 Kf7 34. Rc1 Ne4 35. Rf1+ Ke7 36. d6+ 1-0

[Event "HUN-chT2 Szechenyi 0304"]
[Site "Hungary"]
[Date "2004.03.21"]
[Round "9"]
[White "Saly, Sandor"]
[Black "Gaal, Ede"]
[Result "1-0"]
[WhiteElo "2005"]
[BlackElo "2092"]
[PlyCount "133"]
[EventDate "2003.09.28"]
[EventType "team-tourn"]
[EventRounds "11"]
[EventCountry "HUN"]
[SourceTitle "EXT 2009"]
[Source "ChessBase"]
[SourceDate "2008.11.26"]
[SourceVersion "1"]
[SourceVersionDate "2008.11.26"]
[SourceQuality "1"]
[WhiteTeam "Szentgotthard"]
[BlackTeam "Lovo"]
[WhiteTeamCountry "HUN"]
[BlackTeamCountry "HUN"]

1. f4 g6 2. Nf3 Bg7 3. g3 Nf6 4. Bg2 0-0 5. d3 d5 6. c3 c5 7. 0-0 Nc6 8. Na3 Rb8 9. Nc2 b5 10. Bd2 Qb6 11. Qe1 Bf5 12. Ne3 c4 13. Kh1 Bd7 14. Ne5 e6 15. N3g4 Rfd8 16. Nxc6 Bxc6 17. Ne5 Bb7 18. Qc1 h5 19. h3 a5 20. Be3 Qc7 21. Bd4 Ne8 22. Qe3 Bc8 23. g4 Nd6 24. Qg3 b4 25. e4 hxg4 26. Qxg4 cxd3 27. exd5 exd5 28. Qg5 Nf5 29. Nf3 bxc3 30. bxc3 Bxd4 31. Nxd4 Re8 32. Bxd5 Qxc3 33. Qxg6+ Ng7 34. Qxf7+ Kh8 35. Qf6 Be6 36. Rg1 Bxd5+ 37. Kh2 Rb2+ 38. Kg3 d2+ 39. Kh4 Qc7 40. Qh6+ Kg8 41. Nf5 Re7 42. Qg5 Kf8 43. Nxe7 Qxe7 44. Qxe7+ Kxe7 45. Rxg7+ Kf6 46. Rg3 Bxa2 47. Rd1 Bb3 48. Rxd2 Rxd2 49. Rxb3 Rg2 50. Rb5 Ra2 51. Kg4 a4 52. Rb6+ Kf7 53. Ra6 a3 54. Kf5 Ra1 55. Ra7+ Kg8 56. Kf6 a2 57. f5 Rh1 58. Ra8+ Kh7 59. Rxa2 Rxh3 60. Kf7 Rh6 61. Rg2 Kh8 62. f6 Rh1 63. Rg5 Rh2 64. Ke6 Re2+ 65. Re5 Rf2 66. Ke7 Ra2 67. Rh5+ 1-0

[Event "HUN-chT2 Szechenyi 0304"]
[Site "Hungary"]
[Date "2003.12.07"]
[Round "5"]
[White "Saly, Sandor"]
[Black "Zorkoczy, Gyorgy"]
[Result "1/2-1/2"]
[WhiteElo "2005"]
[BlackElo "2066"]
[PlyCount "103"]
[EventDate "2003.09.28"]
[EventType "team-tourn"]
[EventRounds "11"]
[EventCountry "HUN"]
[SourceTitle "EXT 2009"]
[Source "ChessBase"]
[SourceDate "2008.11.26"]
[SourceVersion "1"]
[SourceVersionDate "2008.11.26"]
[SourceQuality "1"]
[WhiteTeam "Szentgotthard"]
[BlackTeam "Flesch"]
[WhiteTeamCountry "HUN"]
[BlackTeamCountry "HUN"]

1. f4 d5 2. g3 f5 3. Bg2 Nf6 4. b3 e6 5. Ba3 Bxa3 6. Nxa3 Qd6 7. Qc1 a6 8. c3 c5 9. Nc2 0-0 10. Nf3 Nbd7 11. 0-0 Ne4 12. Qb2 b5 13. d3 Nef6 14. Ne3 Rb8 15. Rab1 Bb7 16. Rfd1 g6 17. Nc2 e5 18. fxe5 Nxe5 19. d4 Neg4 20. dxc5 Qxc5+ 21. Nfd4 Rfc8 22. Ne1 Qxc3 23. Qxc3 Rxc3 24. Rbc1 Rbc8 25. Rxc3 Rxc3 26. Nec2 Kf7 27. Rd3 Rxd3 28. exd3 Ne5 29. Bf1 Ke7 30. h3 Kd6 31. Kf2 Bc8 32. Ke3 Bd7 33. b4 g5 34. Be2 h6 35. Ne1 Nc6 36. Nxc6 Bxc6 37. Kd4 Be8 38. h4 Bh5 39. Nf3 f4 40. hxg5 hxg5 41. gxf4 gxf4 42. Kc3 Nd7 43. Kd2 Bxf3 44. Bxf3 Ke5 45. Kc3 Nf6 46. a3 Nd7 47. Bg2 Nb6 48. d4+ Kf5 49. Bf3 Kg5 50. Kd3 Kh4 51. Ke2 Kg3 52. Bh1 1/2-1/2

[Event "HUN-chT2 Szechenyi 0203"]
[Site "Hungary"]
[Date "2003.02.16"]
[Round "7"]
[White "Saly, Sandor"]
[Black "Katona, Janos"]
[Result "1/2-1/2"]
[WhiteElo "2013"]
[BlackElo "1984"]
[PlyCount "24"]
[EventDate "2002.09.22"]
[EventType "team-tourn"]
[EventRounds "11"]
[EventCountry "HUN"]
[SourceTitle "EXT 2009"]
[Source "ChessBase"]
[SourceDate "2008.11.26"]
[SourceVersion "1"]
[SourceVersionDate "2008.11.26"]
[SourceQuality "1"]

1. f4 d5 2. g3 c5 3. Bg2 Nc6 4. Nf3 Nf6 5. b3 g6 6. Bb2 Bg7 7. c3 Bf5 8. Na3 0-0 9. 0-0 Qb6 10. Kh1 Rad8 11. Nc2 d4 12. d3 Ng4 1/2-1/2